Current World Champions - Top 10 sports - Statistics

General Stats
  • This quiz has been taken 31 times
  • The average score is 5 of 10
Answer Stats
Sport Year World Champion % Correct
Football 2022 Argentina
89%
Table Tennis 2024 China
71%
Cricket 2023 Australia
64%
Baseball (WBC) 2023 Japan
61%
Basketball 2023 Germany
57%
Rugby 2023 South Africa
54%
American Football (SBXLI) 2025 Philadelphia Eagles
46%
Tennis (Davis cup) 2024 Italy
43%
Field Hockey 2023 Germany
39%
Volleyball 2022 Italy
14%
No matching quizzes found
Score Distribution
Percent of People with Each Score
Percentile by Number Answered
Your Score History
You have not taken this quiz